| 000 | 00664nam a22002297a 4500 | ||
|---|---|---|---|
| 001 | 3958253 | ||
| 003 | ARRUPE | ||
| 005 | 20160303122205.0 | ||
| 008 | 940317s1993 rh 000 0 eng | ||
| 010 | _a 93982850 | ||
| 020 | _z07790411089 | ||
| 040 |
_aDLC _cDLC |
||
| 042 | _alcode | ||
| 050 | 0 | 0 | _aMLCS 93/13320 (P) |
| 100 | 1 |
_aRimmer, Peter, _d1937- _922723 |
|
| 245 | 1 | 0 |
_aCry of the fish eagle / _cPeter Rimmer. |
| 260 |
_a[Harare] Zimbabwe : _bHarper Collins Publishers, _c1993. |
||
| 300 |
_a606 p. ; _c18 cm. |
||
| 906 |
_a7 _bcbc _corigode _du _encip _f19 _gy-gencatlg |
||
| 942 |
_2lcc _cMONOGRAPH |
||
| 999 |
_c124304 _d124304 |
||